000 01076nam a2200301 a 4500
001 3574099
003 OSt
005 20140916151815.0
008 980723s1996 gh ab b f001 0 eng
010 _a 98980076
020 _a9964302320
040 _aDLC
_cDLC
042 _alcode
043 _af-gh---
082 _220
_a338.9
_bASA 1996
100 1 _aAsamoa, Ansa.
_91080
245 1 0 _aSocio-economic development strategies of independent African countries :
_bthe Ghanaian experience /
_cAnsa Asamoa.
260 _aAccra :
_bGhana Universities Press,
_c1996.
300 _a248 p. : ill., maps ;
_c22 cm.
504 _aIncludes bibliographical references (p. 235-241) and index.
651 0 _aGhana
_xEconomic conditions.
_91081
651 0 _aGhana
_xEconomic policy.
_91082
651 0 _aGhana
_xSocial conditions.
_91083
651 0 _aGhana
_xSocial policy.
_91084
906 _a7
_bcbc
_corigode
_d3
_encip
_f19
_gy-gencatlg
942 _2ddc
_cSLOAN
999 _c412
_d412